000 00465nam a2200181 a 4500
001 3592
003 CO-ViMGA
008 141112s2004 ck r 000 u spa d
040 _aCO-ViMGA
_bspa
_cCO-ViMGA
082 0 4 _a631.23 C677
100 1 _aCotton, Richard
_953505
245 1 0 _aSilos y graneros :
_bplagas y desinsectación
260 _aBarcelona :
_bOikos - tau,
_c1979
300 _a328 p
650 1 4 _aGRANEROS
_953506
650 1 4 _aSILOS
942 _2ddc
_cBK
999 _c15634
_d15634